LEADER 02816nam 2200601 450 001 9910812547803321 005 20240221122316.0 010 $a84-9029-906-4 010 $a84-9029-644-8 035 $a(CKB)3360000000447828 035 $a(SSID)ssj0001030665 035 $a(PQKBManifestationID)11554413 035 $a(PQKBTitleCode)TC0001030665 035 $a(PQKBWorkID)11073232 035 $a(PQKB)10369751 035 $a(MiAaPQ)EBC3207136 035 $a(OCoLC)1010636462 035 $a(FlNmELB)ELB56607 035 $aEBL7007165 035 $a(AU-PeEL)EBL7007165 035 $a(MiAaPQ)EBC7051578 035 $a(Au-PeEL)EBL7051578 035 $a(MiAaPQ)EBC7007165 035 $a(EXLCZ)993360000000447828 100 $a20230626d2012 uy 0 101 0 $aspa 135 $aurcnu|||||||| 181 $ctxt 182 $cc 183 $acr 200 13$aLa alfabetizacio?n media?tica y la Ley general de comunicacio?n audiovisual Espan?a /$fJuan Carlos Gavara de Cara and Jose? Manuel Pe?rez Tornero 210 1$aBarcelona, Spain :$cEditorial UOC,$d[2012] 210 4$d©2012 215 $a1 online resource (161 pa?ginas) $cilustraciones 225 1 $aMedia literacy (Editorial UOC) 300 $aBibliographic Level Mode of Issuance: Monograph 311 $a84-9788-512-0 320 $aContiene bibliografi?a. 330 8 $aSi la sociedad de la comunicación global ha venido acompañada de promesas desmesuradas y de utopías todavía incumplidas, hoy día es obligatorio examinar y evaluar por qué ha sido así. Es ya un imperativo. No podemos, cuando la técnica es tan decisiva en nuestras vidas, abandonarnos a una confianza ciega en la tecnología, y tampoco la docilidad ante sus determinaciones puede seguir siendo nuestro comportamiento habitual. Se trataría, justamente, de lo contrario, de sustituir la confianza ciega por el espíritu crítico, reflexivo y metodológicamente científico, por un lado, y la docilidad por la autonomía de acción. Necesitamos, por tanto, desarrollar una actitud consciente, capaz de sopesar los efectos positivos y negativos de los cambios y, sobre todo, capaz de inspirar nuevos desarrollos técnicos y nuevos cursos de acción que se acomoden a las aspiraciones del ser humano. 410 0$aMedia literacy (Editorial UOC) 517 3 $aLey general de comunicacio?n audiovisual Espan?a 606 $aLanguage arts 615 0$aLanguage arts. 676 $a016.37 700 $aGavara de Cara$b Juan Carlos$0528695 702 $aPe?rez Tornero$b J. M. 801 0$bMiAaPQ 801 1$bMiAaPQ 801 2$bMiAaPQ 906 $aBOOK 912 $a9910812547803321 996 $aLa alfabetizacio?n media?tica y la Ley general de comunicacio?n audiovisual Espan?a$93915931 997 $aUNINA LEADER 02246nam 2200673Ia 450 001 9910970776603321 005 20171026195700.0 010 $a9786613311368 010 $a9781283311366 010 $a1283311364 010 $a9780472027767 010 $a047202776X 024 7 $a10.3998/mpub.2395380 035 $a(CKB)2550000000055450 035 $a(OCoLC)763161169 035 $a(CaPaEBR)ebrary10505871 035 $a(SSID)ssj0000537260 035 $a(PQKBManifestationID)11330520 035 $a(PQKBTitleCode)TC0000537260 035 $a(PQKBWorkID)10553272 035 $a(PQKB)11639121 035 $a(MiAaPQ)EBC3415019 035 $a(OCoLC)759686457 035 $a(MdBmJHUP)muse754 035 $a(MiU)10.3998/mpub.2395380 035 $a(Au-PeEL)EBL3415019 035 $a(CaPaEBR)ebr10505871 035 $a(CaONFJC)MIL331136 035 $a(OCoLC)923504324 035 $a(EXLCZ)992550000000055450 100 $a20110329d2011 ub 0 101 0 $aeng 135 $aurcn||||||||| 181 $ctxt 182 $cc 183 $acr 200 10$aGreat lengths $eseven works of marathon theater /$fJonathan Kalb 205 $a1st ed. 210 1$aAnn Arbor :$cUniversity of Michigan Press,$dc2011. 215 $a1 online resource (240 p.) 300 $aBibliographic Level Mode of Issuance: Monograph 311 08$a9780472117956 311 08$a0472117955 320 $aIncludes bibliographical references and index. 327 $aNicholas Nickleby -- The Mahabharata -- Angels in America -- Einstein on the beach -- Quizoola! and Speak bitterness -- Faust I + II -- Conclusion. 330 $aWinner of the George Jean Nathan Award for Dramatic Criticism and the George Freedley Memorial Award from the Theatre Library Association. 606 $aExperimental theater 606 $aDrama$xHistory and criticism$xTheory, etc 615 0$aExperimental theater. 615 0$aDrama$xHistory and criticism$xTheory, etc. 676 $a792.9/5 700 $aKalb$b Jonathan$0466164 712 02$aMichigan Publishing (University of Michigan), 801 0$bMiU 801 1$bMiU 906 $aBOOK 912 $a9910970776603321 996 $aGreat lengths$94465490 997 $aUNINA